| 000 | 01206cam a2200301 a 4500 | ||
|---|---|---|---|
| 001 | 3244 | ||
| 005 | 20250115144802.0 | ||
| 020 | _a9780689813856 | ||
| 040 |
_aDLC _cDLC _dDLC _beng |
||
| 050 | 0 | 0 |
_aPZ7.R982 _b1995 |
| 082 | 0 | 0 | _a820 |
| 100 | 1 | _aRylant, Cynthia | |
| 245 | 1 | 0 |
_aHenry and Mudge and the best day of all : _bthe fourteenth book of their adventures / _cstory by Cynthia Rylant ; pictures by Suçie Stevenson. |
| 250 | _aFirst Alanddin Paperback Edition, 1997 | ||
| 260 |
_aNew York : _bBradbury Press ; _aToronto : _bMaxwell Macmillan Canada ; _aNew York : _bMaxwell Macmillan International, _c1995 |
||
| 300 |
_a40 pages : _bcolor illustrations ; _c24 cm. |
||
| 490 |
_a Henry and Mudge _vLevel 2 |
||
| 490 |
_aReady-To-Read _vLeve 2 |
||
| 505 | _aJ | ||
| 520 | _aHenry and his big dog Mudge celebrate Henry's birthday with a piñata, a lively birthday party, and a cake shaped like a fish tank, making May first the best day ever. | ||
| 521 |
_a470
_bLexile |
||
| 521 |
_aJ
_bRaz-Plus |
||
| 650 | 1 |
_aBirthdays _xFiction |
|
| 650 | 1 |
_aDogs _xFiction |
|
| 700 | 1 |
_aStevenson, Suçie _eillustrator |
|
| 906 |
_a7 _bcbc _corignew _d1 _eocip _f19 _gy-gencatlg |
||
| 942 |
_2ddc _cBK _n0 |
||
| 999 |
_c3244 _d3244 |
||